Statistiken für Altes Testament (AT)

Klicken Sie hier um das Quiz zu spielen!

Allgemein

  • Dieses Quiz wurde 121 mal gespielt
    (33 seit der letzten Aktualisierung)
  • Das Durchschnittsergebnis liegt bei 3 aus 5

Antwortstatistiken

Pentateuch/ ATName/ Abk.% Korrekt
1. BuchGenesis/ Gen
100%
2. BuchExodus/ Ex
73%
3. BuchLevitikus/ Lev
47%
4. BuchNumeri/ Num
47%
5. BuchDeuteronomium/ Dtn
40%

Verteilung der Resultate

Perzentil nach korrekt beantworteten Fragen

Anzahl Personen mit jedem Resultat

Ihre Resultats-Entwicklung

Sie haben dieses Quiz seit der letzten Aktualisierung nicht gespielt